| 000 | 01415cam a22001934a 4500 | ||
|---|---|---|---|
| 005 | 20250605164031.0 | ||
| 008 | 250528s ||||||||||||||||||||||||d | ||
| 035 | _a16657 | ||
| 020 | _a684841487 | ||
| 040 |
_aGR-AtMCL _bgre _dGR-AtMCL _eAACR2 |
||
| 245 | 1 | _aCompetitive Strategy / Techniques for Analyzing Industries and Competitors: with a New Introduction | |
| 260 |
_bThe Free Press, _c1980 |
||
| 300 | _a404 | ||
| 520 | _aAny manager who studies and uses the materials in this book should be able to devise more successful strategies. Introduction, Preface, Introduction, General Analytical Techniques, The Structural Analysis of Industries, Generic Competitive Strategies, A Framework for Competitor Analysis, Market Signals, Competitive Moves, Strategy Toward Buyers and Suppliers, Structural Analysis within Industries, Industry Evolution, Generic Industry Environments, Competitive Strategy in Fragmented Industries, Competitive Strategy in Emerging Industries, The Transition to Industry Maturity, Competitive Strategy in Declining Industries, Competition in Global Industries, Strategic Decisions, The Strategic Analysis of Vertical Integration, Capacity Expansion, Entry into New Businesses, Appendices, Portfolio Techniques in Competitor Analysis, How to Conduct an Industry Analysis, Bibliography, Index. | ||
| 700 | 1 |
_aPorter Michael E _92745 |
|
| 942 | _cBK | ||
| 999 |
_c2132 _d2132 |
||